| 000 | 00000nam##2200000za#4500 |
| 001 | 9.527144 |
| 003 | CaOODSP |
| 005 | 20200327093212 |
| 007 | ta |
| 008 | 150406|1996||||xxc||||| f|0| 0 eng|d |
| 020 | |a0-662-62357-6 |
| 040 | |aCaOODSP|beng |
| 041 | |aeng |
| 041 | |afre |
| 043 | |an-cn--- |
| 086 | 1 |aSC94-57/9-1996 |
| 110 | 1 |aCanada.|bCanadian Centre for Management Development. |
| 245 | 10|aGoverning in the millennium : |bhow much less government? / |cby Arthur Kroeger. |
| 260 | |aOttawa - Ontario : |bCanadian Centre for Management Development |c1996. |
| 300 | |aEnglish text, iv, 24p. : |breferences ; |c28 cm. |
| 490 | 1 |aExplorations|vNo. 9 |
| 500 | |aContents: Introduction.--How we got here.--Contemporary constraints.--The shift in public attitudes.--The social deficit.--Some specifically Canadian issues.--Some speculations about the future.--Conclusion.--Notes. |
| 563 | |aRing binding |
| 590 | |a97-06|b1997-02-07 |
| 690 | 07|aManagement|2gcpds |
| 690 | 07|aPublic service|2gcpds |
| 720 | 1 |aKroeger, Arthur |
| 776 | 0#|tGoverning in the millennium : |w(CaOODSP)9.573343 |
| 776 | 0#|tLa gestion publique dans le nouveau millénaire : |w(CaOODSP)9.603525 |
| 792 | |tLa gestion publique dans le nouveau millénaire : |efre|w(CaOODSP)9.527145 |
| 830 | #0|aExplorations ;|vNo. 9|w(CaOODSP)9.509632 |
| 986 | |aP64E |